00269 a2200121 4500001000700000020000600007040001100013100000600024240005000030245004500080362000900125440001300134181597 a  cMagnum a-10aA ratinha da cidade e a ratinha do campolpor10aA ratinha da cidade e a ratinha do campo0 a1899 1aScipione